Heterotrophic Plate Counts and Drinking-Water Safety: (Record no. 532479)

000 -LEADER
fixed length control field 00541nam a22001817a 4500
003 - CONTROL NUMBER IDENTIFIER
control field Nust
005 - DATE AND TIME OF LATEST TRANSACTION
control field 20191121134041.0
008 - FIXED-LENGTH DATA ELEMENTS--GENERAL INFORMATION
fixed length control field 170412b xxu||||| |||| 00| 0 eng d
020 ## - INTERNATIONAL STANDARD BOOK NUMBER
International Standard Book Number 8174732659
038 ## - RECORD CONTENT LICENSOR
Staff Name MSOHAIL
040 ## - CATALOGING SOURCE
Transcribing agency 0
082 ## - DEWEY DECIMAL CLASSIFICATION NUMBER
Classification number 363.61 BAR
245 ## - TITLE STATEMENT
Title Heterotrophic Plate Counts and Drinking-Water Safety:
Remainder of title The Signigicance Of HPCs for Water Quality and Human Health
Statement of responsibility, etc. Edited by J.Bartram,J.Cotruvo,M.Exner
260 ## - PUBLICATION, DISTRIBUTION, ETC.
Place of publication, distribution, etc. Geneva
Name of publisher, distributor, etc. A.I.T.B.S.
Date of publication, distribution, etc. 2005
300 ## - PHYSICAL DESCRIPTION
Extent 256p.
500 ## - GENERAL NOTE
General note H.B
942 ## - ADDED ENTRY ELEMENTS (KOHA)
Source of classification or shelving scheme
Koha item type Book
Call number prefix 363.61 BAR
Holdings
Withdrawn status Lost status Source of classification or shelving scheme Damaged status Not for loan Permanent Location Current Location Date acquired Total Checkouts Full call number Barcode Date last seen Price effective from Koha item type
          School of Civil and Environmental Engineering (SCEE) School of Civil and Environmental Engineering (SCEE) 11/21/2019   363.61 BAR NIT-12380 11/21/2019 11/21/2019 Book
© 2023 Central Library, National University of Sciences and Technology. All Rights Reserved.